000 00575nam a2200205 u 4500
005 20210223132120.0
008 130808s2010 r 000 0 eng d
020 _a9786071601988
035 _aUPN01000192052
049 _aCG
050 4 _aPQ8550.3 O7.7
_bU4.7
100 1 _aTorres, Ana Teresa,
_d1945-
_934086
245 1 4 _aLos últimos espectadores del acorazado Potemkim /
_cAna Teresa Torres.
260 _aMéxico :
_bFCE,
_c2010.
300 _a420 p.
440 0 _aAula atlántica
650 4 _aNOVELA VENEZOLANA
_914312
905 _aLibro
999 _c164155
_d164155